L'archeologia Italiana nel mediterraneo: fino alla seconda guerra mondiale

Gespeichert in:
Bibliographische Detailangaben
1. Verfasser: La Rosa, Vicenzo (VerfasserIn)
Format: Buch
Sprache:Spanisch
Veröffentlicht: Catania Centro di Studi Per L'Archeologia Greca 1986
Ausgabe:1a. ed
Schlagworte:
Tags: Tag hinzufügen
Keine Tags, Fügen Sie den ersten Tag hinzu!

MARC

LEADER 00000cam a2200000 a 4500
001 UCD9144
003 CL-VaPUC
008 170602e19860000it |||||||||||||||||spa|d
082 0 4 |a 930.1  |b LAR  |2 21 
100 0 |a La Rosa, Vicenzo  |e author  |9 592835 
245 1 0 |a L'archeologia Italiana nel mediterraneo: fino alla seconda guerra mondiale 
250 |a 1a. ed 
300 |a 276 p 
942 |c BK 
945 |d 20170602 23:29:00  |a arojas 
260 |a Catania  |b Centro di Studi Per L'Archeologia Greca  |c 1986 
650 0 |a Arqueología   |9 265619 
650 0 |a Antigüedades  |9 266390 
651 0 |a Italia  |9 254949 
651 7 |a MEDITERRANEO  |2 CL-VaPUC  |9 269643 
583 |a last modification  |c 20170602 23:29:00  |k Rodrigo Vera 
999 |c 368417  |d 368415 
952 |0 0  |1 0  |3 erb  |4 0  |6 930_100000000000000_LAR_1986  |7 0  |8 A  |9 483725  |a FDOLAF  |b FDOLAF  |e Laffi, Umberto, 1939-  |i 5394457  |o 930.1 LAR 1986  |p 5394457  |r 2024-01-30  |w 2019-11-24  |y BK  |z Catalogado en:20170602  |k LAF